[Event "FICGS W-ch st1 g05 email"]
[Site "FICGS email"]
[Date "2023.07.04"]
[Round "1"]
[White "Teverovski, Bogoljub"]
[Black "Walton, John"]
[Result "1/2-1/2"]
[WhiteElo "2065"]
[BlackElo "2228"]
[PlyCount "37"]
[EventDate "2023.??.??"]
[EventType "tourn (corr)"]
[EventRounds "6"]
[SourceTitle "Corr 2024"]
[Source "ChessBase"]
[SourceDate "2023.10.19"]
[SourceVersion "1"]
[SourceVersionDate "2023.10.19"]
[SourceQuality "1"]

1. d4 d5 2. c4 dxc4 3. Nf3 a6 4. e3 Nf6 5. Bxc4 e6 6. Qe2 b5 7. Bd3 c5 8. 0-0 cxd4 9. Rd1 Be7 10. a4 bxa4 11. Rxa4 Nc6 12. Nxd4 Nb4 13. Bc4 Bd7 14. Ra1 0-0 15. b3 Qb8 16. Bb2 a5 17. Nc3 Rd8 18. h3 h6 19. Rac1 1/2-1/2

[Event "FICGS W-ch final email"]
[Site "FICGS email"]
[Date "2022.11.05"]
[Round "1"]
[White "Cirulis, Ilmars"]
[Black "Walton, John"]
[Result "1/2-1/2"]
[WhiteElo "2241"]
[BlackElo "2205"]
[PlyCount "45"]
[EventDate "2022.??.??"]
[EventType "tourn (corr)"]
[EventRounds "6"]
[EventCategory "5"]
[SourceTitle "Corr 2024"]
[Source "ChessBase"]
[SourceDate "2023.10.19"]
[SourceVersion "1"]
[SourceVersionDate "2023.10.19"]
[SourceQuality "1"]

1. e3 Nf6 2. Nf3 d5 3. c4 e6 4. Nc3 Be7 5. b3 0-0 6. Bb2 c5 7. cxd5 exd5 8. d4 Nc6 9. Be2 Ne4 10. 0-0 Bf6 11. Rc1 cxd4 12. Nxe4 dxe4 13. Nxd4 Nxd4 14. Bxd4 Bxd4 15. Qxd4 Qxd4 16. exd4 Rd8 17. Rfd1 Be6 18. Rc7 Rd7 19. Rxd7 Bxd7 20. f3 exf3 21. Bxf3 Rb8 22. Rc1 Rc8 23. Rxc8+ 1/2-1/2

[Event "FICGS W-ch final email"]
[Site "FICGS email"]
[Date "2022.11.05"]
[Round "1"]
[White "Dineen, Thomas"]
[Black "Walton, John"]
[Result "1/2-1/2"]
[WhiteElo "2218"]
[BlackElo "2205"]
[PlyCount "75"]
[EventDate "2022.??.??"]
[EventType "tourn (corr)"]
[EventRounds "6"]
[EventCategory "5"]
[SourceTitle "Corr 2024"]
[Source "ChessBase"]
[SourceDate "2023.10.19"]
[SourceVersion "1"]
[SourceVersionDate "2023.10.19"]
[SourceQuality "1"]

1. d4 Nf6 2. c4 g6 3. Nc3 d5 4. cxd5 Nxd5 5. e4 Nxc3 6. bxc3 Bg7 7. Nf3 c5 8. Rb1 0-0 9. Be2 Nc6 10. d5 Ne5 11. Nxe5 Bxe5 12. Qd2 e6 13. f4 Bc7 14. 0-0 exd5 15. exd5 Ba5 16. d6 Rb8 17. Rb5 b6 18. Rxa5 bxa5 19. Ba3 Re8 20. Bxc5 Bd7 21. h3 Qf6 22. Bxa7 Rb7 23. Be3 Re6 24. Bc5 Qf5 25. Bf2 Qf6 26. Bf3 Rxd6 27. Bd4 Rxd4 28. Qxd4 Qxd4+ 29. cxd4 Rb4 30. Rd1 Kf8 31. Rd2 Ke7 32. Bd1 h5 33. Kf2 Kd6 34. Bb3 Be6 35. Bxe6 Kxe6 36. Kg3 Rc4 37. Kh4 f6 38. g4 1/2-1/2

[Event "FICGS W-ch final email"]
[Site "FICGS email"]
[Date "2022.11.05"]
[Round "1"]
[White "Walton, John"]
[Black "Maceda, Coco"]
[Result "1/2-1/2"]
[WhiteElo "2205"]
[BlackElo "2235"]
[PlyCount "63"]
[EventDate "2022.??.??"]
[EventType "tourn (corr)"]
[EventRounds "6"]
[EventCategory "5"]
[SourceTitle "Corr 2024"]
[Source "ChessBase"]
[SourceDate "2023.10.19"]
[SourceVersion "1"]
[SourceVersionDate "2023.10.19"]
[SourceQuality "1"]

1. d4 Nf6 2. c4 e6 3. g3 d5 4. Nf3 Bb4+ 5. Bd2 Be7 6. Bg2 0-0 7. 0-0 c6 8. Qc2 Nbd7 9. Bf4 b6 10. Rd1 Bb7 11. Ne5 Nh5 12. Bd2 Nhf6 13. cxd5 cxd5 14. Nc6 Bxc6 15. Qxc6 Rc8 16. Qb5 Ne8 17. Qd3 Nd6 18. Be1 Nf6 19. e3 h5 20. Nc3 Qd7 21. a4 h4 22. Qe2 hxg3 23. hxg3 Nc4 24. Rac1 g6 25. Rc2 Kg7 26. Rdc1 Nd6 27. Nb5 Rxc2 28. Rxc2 Nfe8 29. Bf1 Rh8 30. Bg2 Nf5 31. Rc1 a6 32. Nc3 1/2-1/2

[Event "FICGS W-ch st2 g03 email"]
[Site "FICGS email"]
[Date "2022.03.05"]
[Round "1"]
[White "Walton, John"]
[Black "Gounant, Stanislas"]
[Result "1/2-1/2"]
[WhiteElo "2261"]
[BlackElo "2192"]
[PlyCount "59"]
[EventDate "2022.??.??"]
[EventType "tourn (corr)"]
[EventRounds "6"]
[SourceTitle "Corr 2024"]
[Source "ChessBase"]
[SourceDate "2023.10.19"]
[SourceVersion "1"]
[SourceVersionDate "2023.10.19"]
[SourceQuality "1"]

1. d4 d5 2. c4 c6 3. Nf3 Nf6 4. e3 Bg4 5. h3 Bh5 6. g4 Bg6 7. Ne5 e6 8. Nd2 Nbd7 9. Nxg6 hxg6 10. Bg2 Bd6 11. 0-0 Qe7 12. Rb1 Ne4 13. f4 g5 14. cxd5 exd5 15. Nxe4 dxe4 16. fxg5 Qxg5 17. Bd2 Qe7 18. Qc2 Nf6 19. Rf2 0-0 20. Rbf1 Rae8 21. g5 Nd5 22. g6 f5 23. Rxf5 Qe6 24. Rxf8+ Bxf8 25. Qb3 b5 26. Qd1 Qxg6 27. Qg4 Qxg4 28. hxg4 g6 29. Kf2 Bh6 30. Rc1 1/2-1/2

[Event "FICGS W-ch st2 g02 email"]
[Site "FICGS email"]
[Date "2021.07.13"]
[Round "1"]
[White "Koslowski, Volker"]
[Black "Walton, John"]
[Result "1/2-1/2"]
[WhiteElo "2231"]
[BlackElo "2287"]
[PlyCount "79"]
[EventDate "2021.??.??"]
[EventType "tourn (corr)"]
[EventRounds "8"]
[SourceTitle "Corr 2024"]
[Source "ChessBase"]
[SourceDate "2023.10.19"]
[SourceVersion "1"]
[SourceVersionDate "2023.10.19"]
[SourceQuality "1"]

1. e4 c5 2. Nf3 Nc6 3. d4 cxd4 4. Nxd4 Nf6 5. Nc3 e5 6. Ndb5 d6 7. Nd5 Nxd5 8. exd5 Nb8 9. a4 Be7 10. Be2 0-0 11. Bd2 Bf5 12. 0-0 Nd7 13. a5 a6 14. Na3 Bg6 15. Nc4 Rc8 16. Be3 Rc7 17. c3 f5 18. f3 f4 19. Bf2 Qe8 20. Re1 Qf7 21. Rc1 h6 22. Bd3 Bxd3 23. Qxd3 Nf6 24. Rcd1 g5 25. h3 Re8 26. Nb6 Bd8 27. b4 g4 28. hxg4 e4 29. Qc2 Nxg4 30. fxg4 e3 31. Kf1 Bf6 32. c4 Rce7 33. c5 e2+ 34. Kg1 exd1Q 35. Rxd1 Re2 36. Qf5 Rxf2 37. Kxf2 Re5 38. Qc8+ Re8 39. Qd7 Re7 40. Qf5 1/2-1/2

[Event "FICGS W-ch st1 gN 01 email"]
[Site "FICGS email"]
[Date "2021.07.11"]
[Round "1"]
[White "Koslowski, Volker"]
[Black "Walton, John"]
[Result "1/2-1/2"]
[WhiteElo "2231"]
[BlackElo "2287"]
[PlyCount "149"]
[EventDate "2021.??.??"]
[EventType "tourn (corr)"]
[EventRounds "6"]
[SourceTitle "Corr 2024"]
[Source "ChessBase"]
[SourceDate "2023.10.19"]
[SourceVersion "1"]
[SourceVersionDate "2023.10.19"]
[SourceQuality "1"]

1. e4 c5 2. Nf3 d6 3. d4 cxd4 4. Nxd4 Nf6 5. Nc3 a6 6. Be3 e5 7. Nb3 Be6 8. f3 h5 9. Nd5 Bxd5 10. exd5 Nbd7 11. Qd2 g6 12. 0-0-0 Nb6 13. Kb1 Nfxd5 14. Bg5 Be7 15. Bxe7 Qxe7 16. Qa5 Ne3 17. Qxb6 Nxd1 18. Bc4 Rc8 19. Bd5 Nxb2 20. Kxb2 Qc7 21. Qxc7 Rxc7 22. a4 Ke7 23. Nc1 Rhc8 24. Bb3 a5 25. Re1 f5 26. Re3 Rc5 27. Nd3 Rc3 28. Re2 Kf6 29. Bd5 b6 30. Bb3 h4 31. Rd2 R8c6 32. Bd5 Rc7 33. Bb3 R7c6 34. Bd5 Rc7 35. Bg8 Rc8 36. Ba2 R8c7 37. Nf2 Kg5 38. Re2 Kf6 39. Nd3 Rc8 40. Bb3 R8c6 41. Rd2 Ke7 42. Re2 Kf6 43. Rd2 Ke7 44. g4 hxg3 45. hxg3 Kf6 46. Rd1 Rc8 47. g4 R3c6 48. Rh1 fxg4 49. fxg4 Kg5 50. Re1 R8c7 51. Nf2 Kf4 52. Nd1 Kg5 53. Re2 Rc5 54. Nf2 b5 55. Ne4+ Kxg4 56. Nxc5 Rxc5 57. axb5 Rxb5 58. c4 Rb6 59. Kc3 g5 60. Rf2 Kg3 61. Rf8 g4 62. Bd1 Rb1 63. Bc2 Rh1 64. Rf6 Rh3 65. Be4 Kh4+ 66. Kd2 a4 67. Rxd6 a3 68. Ra6 a2 69. c5 Rh2+ 70. Kd3 g3 71. c6 g2 72. Bxg2 Rxg2 73. c7 Rg8 74. Rxa2 Rc8 75. Rc2 1/2-1/2

[Event "FICGS W-ch st1 gN 01 email"]
[Site "FICGS email"]
[Date "2021.07.11"]
[Round "1"]
[White "Walton, John"]
[Black "Duttagupta, Aniruddha"]
[Result "1/2-1/2"]
[WhiteElo "2287"]
[BlackElo "2211"]
[PlyCount "57"]
[EventDate "2021.??.??"]
[EventType "tourn (corr)"]
[EventRounds "6"]
[SourceTitle "Corr 2022"]
[Source "ChessBase"]
[SourceDate "2021.10.24"]
[SourceVersion "1"]
[SourceVersionDate "2021.10.24"]
[SourceQuality "1"]

1. e4 c6 2. d4 d5 3. e5 Bf5 4. Nf3 e6 5. Be2 c5 6. Be3 cxd4 7. Nxd4 Ne7 8. c4 Nbc6 9. Qa4 a6 10. Nc3 dxc4 11. 0-0-0 Qa5 12. Qxa5 Nxa5 13. Nxf5 Nxf5 14. Bb6 Nc6 15. f4 Rc8 16. g3 Be7 17. Rd2 Bd8 18. Bf2 h5 19. Rhd1 h4 20. Ne4 hxg3 21. hxg3 Be7 22. Kb1 b5 23. g4 Nh4 24. Rh1 Ng6 25. Rxh8+ Nxh8 26. Bf3 Ng6 27. Bg3 Rc7 28. a3 Kf8 29. Nc3 1/2-1/2